Statystyki dla 3 Największe miasta Europejskich Państw

Kliknij tutaj aby rozwiązać quiz!

Ogólne statystyki

  • Ten quiz został rozwiązany 68 razy
    (67 od ostatniego zresetowania)
  • Średni wynik to 56 z 139

Statystyki odpowiedzi

PaństwoLudnośćOdpowiedź% Poprawnych
Austria1 691 468Wiedeń
88%
Polska1 783 321Warszawa
86%
Polska774 839Kraków
84%
Albania418 495Tirana
84%
Polska682 679Łódź
82%
Hiszpania1 605 600Barcelona
80%
Wielka Brytania8 982 145Londyn
80%
Hiszpania3 284 110Madryt
80%
Niemcy3 431 675Berlin
79%
Rosja12 678 079Moskwa
79%
Włochy2 775 729Rzym
79%
Andora19 600Andora
77%
Grecja664 046Ateny
77%
Irlandia495 782Dublin
77%
Luksemburg103 641Luksemburg
77%
Białoruś2 020 600Mińsk
77%
Łotwa658 640Ryga
77%
Litwa527 930Wilno
77%
Holandia872 779Amsterdam
75%
Portugalia547 733Lizbona
75%
Norwegia925 242Oslo
75%
Francja2 180 000Paryż
75%
Czechy1 324 277Praga
75%
Bułgaria1 242 568Sofia
75%
Finlandia634 940Helsinki
73%
Ukraina3 730 122Kijów
73%
Mołdawia671 800Kiszyniów
73%
Chorwacja792 875Zagrzeb
73%
Węgry1 750 216Budapeszt
71%
Dania602 481Kopenhaga
71%
Niemcy1 326 807Monachium
71%
Rosja5 398 064Petersburg
71%
Szwecja1 372 565Sztokholm
71%
Estonia430 805Tallinn
71%
Słowacja437 725Bratysława
70%
Rumunia1 883 425Bukareszt
70%
Włochy1 369 145Mediolan
70%
San Marino4 214San Marino
70%
Bośnia i Hercegowina348 363Sarajewo
70%
Francja863 000Marsylia
68%
Monako39 244Monako
68%
Portugalia237 591Porto
68%
Macedonia Północna491 000Skopje
68%
Watykan825Watykan
68%
Czechy381 346Brno
66%
Włochy1 067 723Neapol
66%
Grecja315 196Saloniki
66%
Serbia1 273 651Belgrad
64%
Kosowo145 149Prisztina
64%
Holandia651 376Rotterdam
64%
Turcja15 840 900Stambuł
64%
Ukraina1 451 150Charków
63%
Niemcy1 772 100Hamburg
63%
Francja516 000Lyon
63%
Czarnogóra150 977Podgorica
63%
Liechtenstein5 450Vaduz
63%
Słowenia278 000Lublana
57%
Szwajcaria188 234Genewa
55%
Holandia545 163Haga
55%
Belgia529 247Antwerpia
54%
Litwa307 498Kowno
54%
Chorwacja178 102Split
54%
Szwajcaria376 990Zurych
54%
Wielka Brytania1 137 000Birmingham
48%
Austria222 326Graz
46%
Szwecja280 415Malmo
46%
Ukraina1 013 231Odessa
45%
Hiszpania852 304Walencja
45%
Litwa158 891Kłajpeda
43%
Czechy287 968Ostrawa
43%
Szwecja549 839Goteborg
39%
Austria181 162Linz
39%
Rosja1 257 391Kazań
38%
Naddniestrze134 827Tyraspol
38%
Bułgaria336 216Warna
38%
Białoruś510 300Homel
34%
Słowacja238 593Koszyce
34%
Wielka Brytania792 525Leeds
34%
Dania269 022Aarhus
29%
Irlandia123 062Cork
29%
Islandia118 918Reykjawik
29%
Chorwacja128 624Rijeka
29%
Serbia215 400Nowy Sad
27%
Dania176 683Odense
23%
Szwajcaria164 516Bazylea
21%
Belgia263 927Gandawa
20%
Rumunia324 576Kluż-Napoka
20%
Węgry201 112Debreczyn
16%
Albania113 249Durres
16%
Bułgaria347 851Płowdiw
16%
Belgia202 746Charleroi
14%
Słowenia147 000Maribor
14%
Białoruś364 800Witebsk
14%
Bośnia i Hercegowina135 059Banja Luka
13%
Estonia93 715Tartu
13%
Irlandia65 803Galway
11%
Finlandia228 125Tampere
11%
Rumunia319 279Timisoara
11%
Macedonia Północna73 100Bitola
9%
Finlandia273 627Espoo
9%
Estonia56 103Narwa
9%
Kosowo85 119Prizren
9%
Liechtenstein6 039Schaan
9%
Albania86 677Szkodra
9%
Łotwa93 312Dyneburg
7%
Grecja167 446Patras
7%
Słowacja88 464Preszów
7%
Łotwa76 731Lipawa
5%
Węgry161 390Segedyn
5%
Bośnia i Hercegowina74 457Tuzla
5%
Mołdawia144 800Bielce
4%
Macedonia Północna72 200Kumanowo
4%
Czarnogóra56 970Niksic
4%
Serbia250 000Nisz
4%
San Marino10 571Serravalle
4%
Kazachstan234 155Uralsk
4%
Kazachstan290 700Atyrau
2%
Turcja141 525Corlu
2%
Luksemburg22 769Differdange
2%
Andora14 000Escaldes-Engordany
2%
Islandia31 719Kopavogur
2%
Kosowo71 601Mitrowica
2%
Naddniestrze48 457Rybnica
2%
Andora7 700Sant Julià de Lòria
2%
Naddniestrze92 383Bendery
0%
San Marino6 609Borgo Maggiore
0%
Luksemburg31 898Esch-sur-Alzette
0%
Islandia26 800Hafnarfjorour
0%
Mołdawia39 800Kaguł
0%
Słowenia41 000Nowo Mesto
0%
Czarnogóra19 136Pljewlja
0%
Malta16 779Qormi
0%
Norwegia201 353Rogaland
0%
Turcja108 892Tekirdag
0%
Liechtenstein5 275Triesen
0%
Norwegia238 098Vestland
0%
Portugalia186 600Vila Nova de Gaia
0%
Malta14 546Żabbar
0%
Malta12 200Żebbug
0%

Rozkład punktacji

Percentyl według liczby udzielonych odpowiedzi

Procent ludzi z każdym wynikiem

Twoja historia wyników

Nie rozwiązałeś tego quizu od ostatniego zresetowania